Rumah sebuah

Bibliographic Details
Other Authors: Aripin Said, jalil A. Rahman
Format: Book
Published: Kuala Lumpur : Fajar Bakti , 1994
Series:Siri Sastera Moden Fajar Bakti
Subjects:

MARC

LEADER 00000cam a2200000 7i4500
001 0000004005
002 000004312
005 20000330.0
020 |a 9676526509 
090 0 0 |a 899.282   |b RUM 
245 0 0 |a Rumah sebuah   |c diselanggarakan oleh Arifin Said dan Jalil A.Rahman 
260 |a Kuala Lumpur :   |b Fajar Bakti ,   |c 1994 
300 |a 123p. ;   |c 21cm. 
490 0 |a Siri Sastera Moden Fajar Bakti 
650 0 0 |a Rumah sebuah   |x Drama 
700 0 |a Aripin Said 
700 0 |a jalil A. Rahman 
999 |a 037231   |b BUKU   |c PINJAMAN   |e PERPUSTAKAAN KOMUNITI PETALING JAYA